RICS European housing review 2010 (Record no. 110505)
[ view plain ]
| 000 -LEADER | |
|---|---|
| fixed length control field | 01621cad a22002415a 4500 |
| 001 - CONTROL NUMBER | |
| control field | L149451 |
| 008 - FIXED-LENGTH DATA ELEMENTS--GENERAL INFORMATION | |
| fixed length control field | 100308s2010 xxk 000 0 eng u |
| 035 ## - SYSTEM CONTROL NUMBER | |
| System control number | (Sirsi) u149451 |
| 041 0# - LANGUAGE CODE | |
| Language code of text/sound track or separate title | eng |
| 050 ## - LIBRARY OF CONGRESS CALL NUMBER | |
| Classification number | 306.1094 $2 18 |
| 100 1# - MAIN ENTRY--PERSONAL NAME | |
| Personal name | Ball, Michael |
| 245 00 - TITLE STATEMENT | |
| Title | RICS European housing review 2010 |
| Remainder of title | executive summary |
| Medium | [electronic resource] |
| 260 ## - PUBLICATION, DISTRIBUTION, ETC. | |
| Place of publication, distribution, etc. | London |
| Name of publisher, distributor, etc. | RICS |
| Date of publication, distribution, etc. | 2010 |
| 490 #0 - SERIES STATEMENT | |
| Series statement | RICS European Housing Review |
| Volume/sequential designation | 2010 |
| 520 ## - SUMMARY, ETC. | |
| Summary, etc. | Looks at the performance of European housing markets in 2009, analysing trends across the continent in areas such as inflation, building activity, mortgage markets and turnover. A significant number of European residential markets showed signs of revival from Spring/Summer 2009 and further revival is expected in 2010. House prices rose by 12% in Norway, by 8% in Finland and by 7% in Sweden and by 1% overall in the UK. Germany, Italy, Netherlands and France show moderate falls of between -4% to -6% whilst Ireland, Spain Greece and other central and eastern European countries were the worst performers. Low interest rates and central bank support for mortgage markets have played key roles in bringing about recovery in the European housing market. For full report, see L149448. |
| 590 ## - LOCAL NOTE (RLIN) | |
| Local note | KA NTK |
| 650 24 - SUBJECT ADDED ENTRY--TOPICAL TERM | |
| Topical term or geographic name entry element | RICS EUROPEAN HOUSING REVIEW |
| 651 #4 - SUBJECT ADDED ENTRY--GEOGRAPHIC NAME | |
| Geographic name | Europe |
| 690 ## - LOCAL SUBJECT ADDED ENTRY--TOPICAL TERM (OCLC, RLIN) | |
| Topical term or geographic name as entry element | PROPERTY-RESIDENTIAL PROPERTY-RESIDENTIAL PROPERTY MARKET |
| 710 2# - ADDED ENTRY--CORPORATE NAME | |
| Corporate name or jurisdiction name as entry element | Royal Institution of Chartered Surveyors |
| Subordinate unit | Public Affairs |
| 9 (RLIN) | 4679 |
| 856 40 - ELECTRONIC LOCATION AND ACCESS | |
| Uniform Resource Identifier | <a href="https://www.rics.org/site/download_feed.aspx?fileID=6025&fileExtension=PDF">https://www.rics.org/site/download_feed.aspx?fileID=6025&fileExtension=PDF</a> |
| Public note | View this item free of charge at www.rics.org |
| 942 ## - ADDED ENTRY ELEMENTS (KOHA) | |
| Suppress in OPAC | 0 |
| Withdrawn status | Lost status | Source of classification or shelving scheme | Damaged status | Not for loan | Home library | Current library | Shelving location | Date acquired | Total Checkouts | Full call number | Barcode | Date last seen | Copy number | Price effective from | Koha item type |
|---|---|---|---|---|---|---|---|---|---|---|---|---|---|---|---|
| Dewey Decimal Classification | Virtual | Virtual | Online | 08/03/2010 | ONLINE PUBLICATION | 149451-2001 | 06/08/2019 | 1 | 06/08/2019 | Book |